00439nam a2200145Ia 4500008004100000100001900041245002400060245001800084260002500102260000900127300003400136440009100170650001700261650001500278200115s9999 xx 000 0 und d aBurnett, Derek 4aThe global network/ cDerek Burnett bReader's Digest Asia c2019 aPages 104-113, September 2019 aAsia Reader's Digest: My Coma Miracle Cyclist's Triumph after horror accidentv116:679 asocial media atechnology